[Event "RUS Cup tt"]
[Site "Sochi"]
[Date "2023.11.28"]
[Round "2.3"]
[White "Galakhov, Sergey"]
[Black "Ponkratov, Pavel"]
[Result "0-1"]
[WhiteElo "2245"]
[BlackElo "2608"]
[PlyCount "96"]
[EventDate "2023.11.27"]
[EventType "team-swiss"]
[EventRounds "7"]
[EventCountry "RUS"]
[SourceTitle "CB49_2023"]
[SourceDate "2023.12.06"]
[SourceVersion "1"]
[SourceVersionDate "2023.12.06"]
[SourceQuality "1"]
[WhiteTeam "Donetsk"]
[BlackTeam "KPRF Club"]
[WhiteTeamCountry "RUS"]
[BlackTeamCountry "RUS"]

1. e4 c5 2. Nf3 Nc6 3. d4 cxd4 4. Nxd4 e6 5. Nc3 Qc7 6. Be3 a6 7. Qf3 Nf6 8. Nxc6 bxc6 9. Bf4 e5 10. Bg5 Be7 11. Bc4 0-0 12. 0-0-0 d6 13. Qe2 a5 14. h4 a4 15. Bxf6 Bxf6 16. g4 Be7 17. g5 Qa5 18. Qd3 Kh8 19. Rdg1 Be6 20. Bxe6 fxe6 21. Nd1 Qb4 22. a3 Qd4 23. Rg4 Qxd3 24. cxd3 Bd8 25. Rf1 Rf3 26. Kd2 Bb6 27. Ke2 Raf8 28. Rg2 R3f4 29. Rh2 Bd4 30. Kd2 Kg8 31. Kc2 R8f7 32. h5 Rg4 33. g6 hxg6 34. hxg6 Rxg6 35. Rfh1 Rf4 36. Rh8+ Kf7 37. R1h2 d5 38. Rc8 dxe4 39. Rc7+ Kf6 40. dxe4 c5 41. Ra7 Rxe4 42. Rxa4 Re1 43. Ra8 e4 44. Nc3 Rgg1 45. a4 c4 46. Rc8 Be5 47. Rf8+ Kg6 48. Rh4 e3 0-1

[Event "Moscow op-C"]
[Site "Moscow"]
[Date "2015.02.05"]
[Round "6"]
[White "Galakhov, Sergey"]
[Black "Malyshev, Grigory"]
[Result "1-0"]
[WhiteElo "2236"]
[BlackElo "2089"]
[PlyCount "68"]
[EventDate "2015.01.31"]
[EventType "swiss"]
[EventRounds "9"]
[EventCountry "RUS"]
[SourceTitle "CBM 164 Extra"]
[Source "ChessBase"]
[SourceDate "2015.03.02"]
[SourceVersion "1"]
[SourceVersionDate "2015.03.02"]
[SourceQuality "1"]

1. e4 c5 2. g3 Nc6 3. Bg2 g6 4. d3 Bg7 5. f4 d6 6. Nf3 e6 7. 0-0 Nge7 8. c3 0-0 9. Be3 Rb8 10. Na3 b5 11. e5 Ba6 12. Re1 Nd5 13. Bf2 b4 14. Nc4 bxc3 15. bxc3 Nxc3 16. Qc2 Nb5 17. Qa4 Qc8 18. Rac1 Nb4 19. Red1 Nd5 20. Qa5 Nb6 21. exd6 Re8 22. Nfe5 Nd5 23. d7 Qb7 24. Rb1 Bxe5 25. fxe5 Qc6 26. Ne3 Nbc7 27. Ng4 Qxd7 28. Bxd5 Nxd5 29. Qxa6 h5 30. Nf6+ Nxf6 31. exf6 h4 32. Qc4 Rb4 33. Qxc5 Rb2 34. Qd4 Qc6 1-0

[Event "Moscow op-E"]
[Site "Moscow"]
[Date "2011.02.06"]
[Round "9.69"]
[White "Galakhov, Sergey"]
[Black "Gerasimov, Ivan"]
[Result "1/2-1/2"]
[WhiteElo "2189"]
[BlackElo "2375"]
[PlyCount "110"]
[EventDate "2011.01.29"]
[EventType "swiss"]
[EventRounds "9"]
[EventCountry "RUS"]
[SourceTitle "EXT 2022"]
[Source "ChessBase"]
[SourceDate "2021.10.06"]
[SourceVersion "1"]
[SourceVersionDate "2021.10.06"]
[SourceQuality "1"]

1. e4 c5 2. g3 Nc6 3. Bg2 g6 4. d3 Bg7 5. f4 d6 6. Nf3 e5 7. 0-0 Nge7 8. f5 gxf5 9. Nh4 f4 10. Qh5 Bf6 11. gxf4 Ng6 12. Nf5 Bxf5 13. fxe5 Bxe4 14. Bxe4 Bxe5 15. Bg5 Qd7 16. Nc3 Nce7 17. Nd5 Nxd5 18. Bxd5 0-0 19. Rf3 Kh8 20. Kh1 f5 21. Rg1 Bd4 22. Rgf1 Rae8 23. c3 Be5 24. Rg1 f4 25. Be4 Rg8 26. Rh3 Nf8 27. Rh4 d5 28. d4 cxd4 29. cxd4 Bxd4 30. Bd3 Rg7 31. Rxf4 Bxg1 32. Bf6 Re1 33. Bxg7+ Kxg7 34. Rg4+ Ng6 35. Rxg1 Rxg1+ 36. Kxg1 Qe6 37. Kf2 Qf6+ 38. Ke3 Qf4+ 39. Ke2 Qe5+ 40. Qxe5+ Nxe5 41. Bf5 d4 42. Be4 b6 43. Kf2 h5 44. Kg3 Kf6 45. h4 Nc4 46. b3 Nd2 47. Bd3 Ke5 48. Bg6 Ne4+ 49. Kf3 Nf6 50. a3 a6 51. Bd3 a5 52. Bg6 b5 53. Bd3 b4 54. axb4 axb4 55. Bg6 Nd7 1/2-1/2

[Event "Nevinnomyssk Rating 5th"]
[Site "Nevinnomyssk"]
[Date "2010.09.??"]
[Round "6"]
[White "Ermilov, Valery"]
[Black "Galakhov, Sergey"]
[Result "1-0"]
[WhiteElo "2313"]
[BlackElo "2214"]
[PlyCount "97"]
[EventDate "2010.09.29"]
[EventType "swiss"]
[EventRounds "9"]
[EventCountry "RUS"]
[SourceTitle "EXT 2013"]
[Source "ChessBase"]
[SourceDate "2012.11.22"]
[SourceVersion "1"]
[SourceVersionDate "2012.11.22"]
[SourceQuality "1"]

1. d4 Nf6 2. c4 e6 3. Nc3 Bb4 4. Qb3 c5 5. Nf3 Nc6 6. d5 Ne7 7. Bg5 Qa5 8. Bxf6 gxf6 9. Rd1 Ng6 10. g3 0-0 11. Bg2 a6 12. 0-0 Bxc3 13. bxc3 b5 14. h4 Rb8 15. h5 Ne7 16. Nh2 h6 17. e4 b4 18. cxb4 Qxb4 19. Qe3 Kg7 20. Rb1 Qxb1 21. Rxb1 Rxb1+ 22. Bf1 Ng8 23. Qxc5 a5 24. Kg2 a4 25. Qa3 f5 26. exf5 exf5 27. Qxa4 d6 28. Qc2 Rb8 29. Bd3 f4 30. gxf4 Nf6 31. Qc3 Bd7 32. f3 Ra8 33. a3 Ra7 34. Ng4 Bxg4 35. fxg4 Rfa8 36. g5 hxg5 37. fxg5 Rxa3 38. Qxf6+ Kf8 39. g6 R8a7 40. Qxd6+ Kg7 41. Qe5+ f6 42. Qd4 Rb3 43. d6 Raa3 44. Be2 Rg3+ 45. Kf2 Rg5 46. d7 Rf5+ 47. Ke1 Ra1+ 48. Bd1 Re5+ 49. Qxe5 1-0

[Event "Nevinnomyssk Rating 5th"]
[Site "Nevinnomyssk"]
[Date "2010.09.??"]
[Round "7"]
[White "Karpsatov, Ksenofont"]
[Black "Galakhov, Sergey"]
[Result "0-1"]
[WhiteElo "2123"]
[BlackElo "2214"]
[PlyCount "105"]
[EventDate "2010.09.29"]
[EventType "swiss"]
[EventRounds "9"]
[EventCountry "RUS"]
[SourceTitle "EXT 2013"]
[Source "ChessBase"]
[SourceDate "2012.11.22"]
[SourceVersion "1"]
[SourceVersionDate "2012.11.22"]
[SourceQuality "1"]

1. e4 c5 2. Nf3 Nc6 3. Bb5 g6 4. 0-0 Bg7 5. Re1 Nf6 6. e5 Nd5 7. c3 0-0 8. d4 cxd4 9. cxd4 d6 10. exd6 Qxd6 11. h3 Nc7 12. Bxc6 bxc6 13. Nc3 Rd8 14. Bg5 f6 15. Bh4 Nd5 16. Bg3 Qb4 17. Nxd5 Rxd5 18. Qc2 Bd7 19. a3 Qb7 20. Rxe7 Bf8 21. Re2 Bf5 22. Qc4 Rad8 23. Rc1 Bd7 24. Rec2 Kg7 25. Qe2 Rb5 26. Ne1 Be8 27. Nd3 Qd7 28. Nf4 Bf7 29. Rd2 Rb3 30. Qa6 g5 31. Ne2 Bd5 32. Nc3 Rdb8 33. Nxd5 Qxd5 34. Qxc6 Qxc6 35. Rxc6 Rxb2 36. Rc7+ Kg6 37. Rxb2 Rxb2 38. Rxa7 Ra2 39. a4 Bb4 40. d5 Rd2 41. d6 f5 42. Be5 f4 43. Kf1 Bc5 44. Ra6 Rxf2+ 45. Ke1 Rxg2 46. Kd1 Kf5 47. d7 Be7 48. d8Q Bxd8 49. Bd6 Ke4 50. Bb4 Kf3 51. Bd2 Rg1+ 52. Kc2 Bc7 53. Rc6 0-1

[Event "Myrhorod op"]
[Site "Myrhorod"]
[Date "2010.07.09"]
[Round "2"]
[White "Galakhov, Sergey"]
[Black "Shkuran, Danylo"]
[Result "1/2-1/2"]
[WhiteElo "2188"]
[BlackElo "2383"]
[PlyCount "45"]
[EventDate "2010.07.09"]
[EventType "swiss"]
[EventRounds "9"]
[EventCountry "UKR"]
[SourceTitle "CBM 137 Extra"]
[Source "ChessBase"]
[SourceDate "2010.09.01"]
[SourceVersion "1"]
[SourceVersionDate "2010.09.01"]
[SourceQuality "1"]

1. e4 c5 2. g3 Nc6 3. Bg2 g6 4. d3 Bg7 5. f4 d6 6. Nf3 e6 7. 0-0 Nge7 8. c3 0-0 9. Na3 Rb8 10. Be3 b5 11. e5 dxe5 12. fxe5 Nxe5 13. Nxe5 Bxe5 14. Bxc5 Qc7 15. d4 Bg7 16. Qe2 a6 17. Nc2 Re8 18. Nb4 Bb7 19. Rae1 Nf5 20. Bxb7 Qxb7 21. Qe4 Qxe4 22. Rxe4 Ra8 23. g4 1/2-1/2

[Event "Myrhorod op"]
[Site "Myrhorod"]
[Date "2010.07.09"]
[Round "1"]
[White "Sychev, Andrei"]
[Black "Galakhov, Sergey"]
[Result "0-1"]
[WhiteElo "1756"]
[BlackElo "2188"]
[PlyCount "66"]
[EventDate "2010.07.09"]
[EventType "swiss"]
[EventRounds "9"]
[EventCountry "UKR"]
[SourceTitle "CBM 137 Extra"]
[Source "ChessBase"]
[SourceDate "2010.09.01"]
[SourceVersion "1"]
[SourceVersionDate "2010.09.01"]
[SourceQuality "1"]

1. e4 d6 2. d4 Nf6 3. Nc3 c6 4. g3 Nbd7 5. Bg2 e5 6. Nge2 b5 7. a3 Bb7 8. 0-0 Be7 9. h3 0-0 10. Be3 Re8 11. g4 a6 12. Ng3 exd4 13. Bxd4 c5 14. Be3 Ne5 15. b3 Bf8 16. f4 Ng6 17. g5 Nd7 18. Nf5 Nb6 19. h4 b4 20. axb4 cxb4 21. Na4 Nxa4 22. Rxa4 Bxe4 23. Bxe4 Rxe4 24. Qd5 Qe8 25. h5 Rc8 26. c4 Nh4 27. Nxh4 Rxe3 28. Rxb4 Rc5 29. Qb7 d5 30. Ng2 Rg3 31. Rb6 Qe3+ 32. Rf2 Ra5 33. Rxa6 Qe1+ 0-1

[Event "Rodatychi op"]
[Site "Rodatychi"]
[Date "2006.08.31"]
[Round "8"]
[White "Kruglyakov, Pavlo"]
[Black "Galakhov, Sergey"]
[Result "1-0"]
[WhiteElo "2281"]
[BlackElo "2149"]
[PlyCount "85"]
[EventDate "2006.08.27"]
[EventType "swiss"]
[EventRounds "9"]
[EventCountry "UKR"]
[SourceTitle "EXT 2008"]
[Source "ChessBase"]
[SourceDate "2007.11.25"]
[SourceVersion "1"]
[SourceVersionDate "2007.11.25"]
[SourceQuality "1"]

1. e4 c5 2. Nf3 d6 3. d4 cxd4 4. Nxd4 Nf6 5. Nc3 g6 6. Be3 Bg7 7. f3 a6 8. Qd2 h5 9. a4 b6 10. Bc4 Bb7 11. 0-0 Nbd7 12. Nd5 Ne5 13. Bb3 Rc8 14. Nxb6 Qxb6 15. Nf5 Rc5 16. a5 Qc7 17. Nxg7+ Kf8 18. Bh6 Kg8 19. Nf5 d5 20. Qg5 Rh7 21. f4 Neg4 22. e5 Ne4 23. Qxe7 Qxe7 24. Nxe7+ Kh8 25. Bf8 Rb5 26. Rfd1 g5 27. Nxd5 gxf4 28. Nxf4 Rxe5 29. Rd8 Ngf6 30. Ba4 Rg5 31. Rad1 Rg8 32. Rb8 Nc5 33. Rdd8 Rxf8 34. Rxf8+ Kg7 35. Bb3 Nxb3 36. cxb3 Bc6 37. Rfc8 Be4 38. Rc7 Kh6 39. Rb6 Kg5 40. Rc5+ Kxf4 41. Rxf6+ Ke3 42. Rxa6 Rg7 43. Rc3+ 1-0

[Event "Rodatychi op"]
[Site "Rodatychi"]
[Date "2006.08.27"]
[Round "1"]
[White "Galakhov, Sergey"]
[Black "Firman, Nazar"]
[Result "1-0"]
[WhiteElo "2149"]
[BlackElo "2499"]
[PlyCount "99"]
[EventDate "2006.08.27"]
[EventType "swiss"]
[EventRounds "9"]
[EventCountry "UKR"]
[SourceTitle "EXT 2008"]
[Source "ChessBase"]
[SourceDate "2007.11.25"]
[SourceVersion "1"]
[SourceVersionDate "2007.11.25"]
[SourceQuality "1"]

1. g3 c5 2. Bg2 Nc6 3. e4 g6 4. f4 Bg7 5. Nf3 d5 6. exd5 Qxd5 7. 0-0 Qh5 8. d3 Bh3 9. c3 Nh6 10. Ng5 Bxg2 11. Qxh5 gxh5 12. Kxg2 Rd8 13. Be3 Rxd3 14. Bxc5 h4 15. Na3 hxg3 16. hxg3 Rd2+ 17. Rf2 Rd5 18. Be3 Ng4 19. Re2 Nxe3+ 20. Rxe3 0-0 21. Re2 h6 22. Nf3 e5 23. Nc4 exf4 24. gxf4 Kh7 25. Rh1 Rg8 26. Ng5+ Kg6 27. Nf3 Bf8 28. Nfe5+ Kh7+ 29. Kf3 Nxe5+ 30. Nxe5 f5 31. Rh5 Rg1 32. Rxf5 Kg8 33. Ke4 Rdd1 34. Nf3 Rg7 35. Rd5 Rf1 36. Rd8 Rf7 37. Rg2+ Kh7 38. Rgd2 Re7+ 39. Ne5 Bg7 40. R8d7 Rxd7 41. Rxd7 h5 42. Rxb7 h4 43. Nf3 Rh1 44. Kf5 Kh6 45. Kg4 Bf6 46. Rxa7 Rb1 47. Rb7 Bxc3 48. Nxh4 Bxb2 49. Nf3 Kg6 50. a4 1-0

[Event "Kharkov"]
[Site "Kharkov"]
[Date "1999.??.??"]
[Round "12"]
[White "Galakhov, Sergey"]
[Black "Ivanov, Andrey A"]
[Result "1/2-1/2"]
[WhiteElo "2287"]
[BlackElo "2303"]
[PlyCount "32"]
[EventDate "1999.02.??"]
[EventType "tourn"]
[EventRounds "13"]
[EventCountry "UKR"]
[SourceTitle "EXT 2000"]
[Source "ChessBase"]
[SourceDate "1999.11.16"]
[SourceVersion "1"]
[SourceVersionDate "1999.11.16"]
[SourceQuality "1"]

1. e4 e5 2. Nf3 d6 3. d4 exd4 4. Nxd4 Nf6 5. Nc3 Nc6 6. Bf4 Be7 7. Qd2 Nxd4 8. Qxd4 0-0 9. 0-0-0 Be6 10. Kb1 a6 11. f3 b5 12. g4 c5 13. Qd2 b4 14. Nd5 Nxd5 15. exd5 Bd7 16. h4 Bb5 1/2-1/2

[Event "Kharkov"]
[Site "Kharkov"]
[Date "1999.??.??"]
[Round "9"]
[White "Galakhov, Sergey"]
[Black "Shovunov, Baatr"]
[Result "1/2-1/2"]
[WhiteElo "2287"]
[BlackElo "2452"]
[PlyCount "116"]
[EventDate "1999.02.??"]
[EventType "tourn"]
[EventRounds "13"]
[EventCountry "UKR"]
[SourceTitle "EXT 2000"]
[Source "ChessBase"]
[SourceDate "1999.11.16"]
[SourceVersion "1"]
[SourceVersionDate "1999.11.16"]
[SourceQuality "1"]

1. e4 c6 2. d4 d5 3. Nc3 dxe4 4. Nxe4 Nd7 5. Bc4 Ngf6 6. Ng5 e6 7. Qe2 Nb6 8. Bb3 a5 9. a4 h6 10. N5f3 c5 11. Bf4 Bd6 12. Bg3 Bxg3 13. hxg3 Qc7 14. dxc5 Qxc5 15. Ne5 Qb4+ 16. Kf1 Qe4 17. Qb5+ Bd7 18. Nxd7 Nfxd7 19. Nf3 Qc6 20. Qe2 Nc5 21. Ne5 Qc7 22. Qb5+ Nbd7 23. Nxd7 Nxd7 24. Rh4 Qc6 25. Qe2 0-0 26. c3 Rad8 27. Bc2 Nf6 28. Rc4 Qa6 29. b3 Rc8 30. Rxc8 Qxe2+ 31. Kxe2 Rxc8 32. Kd2 b6 33. Rc1 Kf8 34. Bd3 Ke7 35. Rb1 Nd5 36. Bc4 Nf6 37. f3 Nh5 38. g4 Nf4 39. g3 Ng6 40. f4 Nf8 41. Be2 Nd7 42. b4 Ra8 43. Ra1 Kd6 44. Kc2 Kc7 45. Bf3 Re8 46. Re1 e5 47. Kb3 Nf6 48. Kc4 exf4 49. Rxe8 Nxe8 50. gxf4 Nd6+ 51. Kd5 f5 52. bxa5 bxa5 53. c4 fxg4 54. Bxg4 g5 55. fxg5 hxg5 56. Be6 Ne8 57. Kc5 Nf6 58. Kb5 g4 1/2-1/2

[Event "Kharkov"]
[Site "Kharkov"]
[Date "1999.??.??"]
[Round "4"]
[White "Shalimov, Valery A"]
[Black "Galakhov, Sergey"]
[Result "1/2-1/2"]
[WhiteElo "2100"]
[BlackElo "2287"]
[PlyCount "112"]
[EventDate "1999.02.??"]
[EventType "tourn"]
[EventRounds "13"]
[EventCountry "UKR"]
[SourceTitle "EXT 2000"]
[Source "ChessBase"]
[SourceDate "1999.11.16"]
[SourceVersion "1"]
[SourceVersionDate "1999.11.16"]
[SourceQuality "1"]

1. d4 Nf6 2. c4 e6 3. Nf3 b6 4. e3 Bb7 5. Bd3 c5 6. 0-0 cxd4 7. exd4 d6 8. Nc3 Be7 9. b3 0-0 10. Bb2 Nbd7 11. d5 e5 12. Ng5 g6 13. f4 exf4 14. Nh3 Ne5 15. Nxf4 Nfd7 16. Qd2 Re8 17. Rae1 Bf8 18. Bb1 a6 19. Qf2 Bg7 20. Ne4 Qe7 21. h3 Bc8 22. Kh1 Rb8 23. Bd4 Rb7 24. Rc1 Bh6 25. b4 f5 26. Nd2 a5 27. a3 axb4 28. axb4 Nf6 29. Rfe1 Nfd7 30. Ne6 Qf6 31. Rc3 Ra7 32. Nf3 Qe7 33. c5 Nxf3 34. Qxf3 bxc5 35. bxc5 dxc5 36. Bf2 Ra1 37. Rc2 Qf6 38. Rce2 Ne5 39. Qc3 Ng4 40. Qxf6 Nxf6 41. Bxc5 Bd7 42. Bd3 Rxe1+ 43. Rxe1 Nxd5 44. Bc4 Bxe6 45. Bxd5 Kf7 46. Rxe6 Rxe6 47. Kg1 Kf6 48. Bxe6 Kxe6 49. Kf2 Kd5 50. Bb6 Ke4 51. Bc5 Bg5 52. Bb6 Bf6 53. Ke2 h5 54. Bc7 g5 55. Bd6 Bd4 56. Bc7 Be5 1/2-1/2

[Event "Kharkov"]
[Site "Kharkov"]
[Date "1999.??.??"]
[Round "6"]
[White "Tikhomirov, Alexey"]
[Black "Galakhov, Sergey"]
[Result "0-1"]
[WhiteElo "2319"]
[BlackElo "2287"]
[PlyCount "96"]
[EventDate "1999.02.??"]
[EventType "tourn"]
[EventRounds "13"]
[EventCountry "UKR"]
[SourceTitle "EXT 2000"]
[Source "ChessBase"]
[SourceDate "1999.11.16"]
[SourceVersion "1"]
[SourceVersionDate "1999.11.16"]
[SourceQuality "1"]

1. d4 c5 2. d5 f5 3. Nc3 Nf6 4. e4 fxe4 5. Nge2 Qb6 6. a4 a5 7. Ng3 g6 8. h4 Bg7 9. h5 0-0 10. hxg6 hxg6 11. Bb5 Nc6 12. Bh6 Nd4 13. Bxg7 Kxg7 14. Qd2 e3 15. fxe3 Qd6 16. Nge4 Nxe4 17. Nxe4 Qe5 18. exd4 Qxe4+ 19. Qe2 Qxe2+ 20. Kxe2 cxd4 21. Rh4 d6 22. Rxd4 Bf5 23. c3 g5 24. Re1 Rac8 25. Kd2 Rc7 26. Be2 Bg6 27. Rg4 Rf5 28. Rd4 Re5 29. Rf1 Rc5 30. c4 Rc8 31. Rf3 b6 32. Rb3 Rb8 33. Bd1 Be8 34. Rg3 Bd7 35. b3 Rf8 36. Rf3 Rh8 37. Re3 Rh2 38. Bf3 Kf6 39. Rxe5 Kxe5 40. Re4+ Kf6 41. Re1 Bf5 42. Rf1 Ke5 43. Rf2 g4 44. Bd1 g3 45. Re2+ Be4 46. Kc3 Rxg2 47. Rxe4+ Kxe4 48. Bf3+ Kxf3 0-1

[Event "UZB-ch"]
[Site "Tashkent"]
[Date "1993.??.??"]
[Round "2"]
[White "Barsov, Alexei"]
[Black "Galakhov, Sergey"]
[Result "1-0"]
[WhiteElo "2440"]
[BlackElo "2300"]
[PlyCount "52"]
[EventDate "1993.??.??"]
[EventType "tourn"]
[EventRounds "15"]
[EventCountry "UZB"]
[EventCategory "3"]
[SourceTitle "TD"]
[Source "ChessBase"]
[SourceDate "1994.03.01"]
[SourceVersion "1"]
[SourceVersionDate "1994.03.01"]
[SourceQuality "1"]

1. d4 Nf6 2. c4 e6 3. Nc3 Bb4 4. Nf3 b6 5. Qb3 c5 6. a3 Bxc3+ 7. Qxc3 0-0 8. dxc5 bxc5 9. Bg5 Nc6 10. e3 d6 11. Bd3 h6 12. Bh4 a5 13. 0-0-0 e5 14. Nd2 g5 15. Bg3 d5 16. cxd5 Nxd5 17. Qc2 Be6 18. Nc4 Qc7 19. h4 g4 20. Bf5 Nde7 21. Bxe6 fxe6 22. Qe4 h5 23. Rd6 Rf5 24. Rxe6 Raf8 25. Rd1 a4 26. Rdd6 Nd8 1-0

[Event "UKR-chT"]
[Site "Simferopol"]
[Date "1991.??.??"]
[Round "?"]
[White "Piankov, Evgenij"]
[Black "Galakhov, Sergey"]
[Result "0-1"]
[WhiteElo "2315"]
[BlackElo "2300"]
[PlyCount "71"]
[EventDate "1991.??.??"]
[EventType "team"]
[EventRounds "11"]
[EventCountry "UKR"]
[SourceTitle "TD"]
[Source "ChessBase"]
[SourceDate "1994.03.01"]
[SourceVersion "1"]
[SourceVersionDate "1994.03.01"]
[SourceQuality "1"]

1. Nf3 e6 2. g3 f5 3. Bg2 Nf6 4. c4 Be7 5. 0-0 0-0 6. b3 d6 7. d4 Ne4 8. Qc2 Nc6 9. Bb2 Bf6 10. Nbd2 Nxd2 11. Qxd2 e5 12. d5 Ne7 13. e4 f4 14. gxf4 exf4 15. e5 dxe5 16. Bxe5 Ng6 17. Bxf6 Qxf6 18. Qd4 Qf5 19. Rad1 Bd7 20. Rfe1 Qh5 21. c5 Bg4 22. Rd3 Rae8 23. Rxe8 Rxe8 24. Qc3 Bd7 25. a4 Bf5 26. Rd4 Bh3 27. Bxh3 Qxh3 28. Rd3 Qg4+ 29. Kh1 Re2 30. h3 Qxh3+ 31. Kg1 Nh4 32. Nxh4 Qxh4 33. Rf3 Re8 34. Rd3 Qg4+ 35. Kf1 Qe2+ 36. Kg1 0-1

[Event "Holon op"]
[Site "Holon"]
[Date "1986.??.??"]
[Round "?"]
[White "Galakhov, Sergey"]
[Black "Gruenfeld, Yehuda"]
[Result "0-1"]
[WhiteElo "2310"]
[BlackElo "2535"]
[PlyCount "78"]
[EventDate "1986.12.??"]
[EventType "swiss"]
[EventRounds "9"]
[EventCountry "ISR"]
[SourceTitle "EXT 1997"]
[Source "ChessBase"]
[SourceDate "1996.11.15"]
[SourceVersion "1"]
[SourceVersionDate "1996.11.15"]
[SourceQuality "1"]

1. e4 c5 2. c3 d6 3. d4 Nf6 4. dxc5 Nc6 5. Bc4 Nxe4 6. Bxf7+ Kxf7 7. Qh5+ Kg8 8. Qd5+ e6 9. Qxe4 d5 10. Qe3 d4 11. Qe2 Qd5 12. Nf3 d3 13. Qd1 Bxc5 14. Nbd2 Ne5 15. 0-0 Ng6 16. c4 Qf5 17. Nb3 b6 18. Be3 Bb7 19. Nbd4 Qe4 20. Re1 e5 21. Ne6 Bxe3 22. fxe3 Qg4 23. Nc7 Rf8 24. Nd5 Qxc4 25. e4 Bxd5 26. exd5 e4 27. Nd2 Qd4+ 28. Kh1 e3 29. Nf3 Qe4 30. d6 h6 31. d7 e2 32. Qb3+ Kh7 33. Nd2 Qd4 34. Qe6 Rd8 35. Rac1 Qxd7 36. Qxd7 Rxd7 37. g3 Rf8 38. Kg2 Ne5 39. h3 Rdf7 0-1